Logo BPK

Biblioteka

Politechniki Koszalińskiej

Polska Rzeczpospolita Ludowa 1944-1974 / (Rekord nr 17412)

Szczegóły MARC
000 -ETYKIETA REKORDU
podpole kontrolne o stałej długości 00528nam a2200181 i 4500
001 - NUMER KONTROLNY REKORDU
pole kontrolne bg
040 ## - ŹRÓDŁO KATALOGOWANIA
Instytucja, która utworzyła rekord BPK
041 ## - KOD JĘZYKA
Kod języka tekstu pol
080 ## - UNIWERSALNA KLASYFIKACJA DZIESIĘTNA - UKD
UKD 32+338(091)(438)
008 - POLE O STAŁEJ DŁUGOŚCI - DANE KONTROLNE
podpole kontrolne o stałej długości s pl f |000 0 pol
100 1# - NAZWA OSOBOWA
Nazwa osobowa GÓRA, Władysław
245 #0 - TYTUŁ/ODPOWIEDZIALNOŚĆ
Tytuł Polska Rzeczpospolita Ludowa 1944-1974 /
Pozostałe elementy strefy tytułu i oznaczenia odpowiedzialności Władysław Góra.
250 ## - STREFA WYDANIA
Oznaczenie wydania [Wyd.2].
260 ## - STREFA ADRESU WYDAWNICZEGO
Miejsce wydania Warszawa :
Nazwa wydawcy/dystrybutora [Książka i Wiedza],
Data publikacji, dystrybucji/powstania dokumentu 1976.
300 ## - STREFA OPISU FIZYCZNEGO
Objętość s. 551, nlb. 1 :
Inne cechy fizyczne ilustr., portr., mapy, tabl. nlb. 8.
504 ## - UWAGA DOTYCZĄCA BIBLIOGRAFII
Informacje o bibliografii [Zawiera bibliogr. s. 537-540].
856 ## - LOKALIZACJA I DOSTĘP DO ELEKTRONICZNYCH DOKUMENTÓW ZDALNYCH
Link (URL) http://koha.tu.koszalin.pl/cgi-bin/koha/opac-detail.pl?biblionumber=17412
Tekst linku Katalog online BPK
942 ## - DODATKOWE ELEMENTY (KOHA)
Typ dokumentu Książka
Egzemplarze
Wycofany Status egzemplarza Uszkodzony Dostępność Lokalizacja stała Lokalizacja bieżąca Miejsce przechowywania Sygnatura Kod kreskowy Typ dokumentu
      Dostępny Biblioteka Politechniki Koszalińskiej Biblioteka Politechniki Koszalińskiej Wypożyczalnia BG 22186 01076486 Książka
© 2023 Biblioteka Politechniki Koszalińskiej :: KOHA